Sports Quiz

Random Sports Quiz

'M' Home Run Hitters Quiz Stats

 Plays Quiz not verified by Sporcle

Challenge
Share
Tweet
Embed
Score 0/50 Timer 12:00
0 Plays Today
Home Runs Player % Correct
660Willie Mays
97.8%
536Mickey Mantle
97.8%
583Mark McGwire
95.7%
354Lee May
92%
521Willie McCovey
90.6%
339Tino Martinez
88.4%
309Edgar Martinez
88.4%
275Roger Maris
87.7%
504Eddie Murray
87%
475Stan Musial
86.2%
512Eddie Mathews
83.3%
398Dale Murphy
78.3%
166Dwayne Murphy
78.3%
493Fred McGriff
73.9%
185Justin Morneau
60.9%
222Don Mattingly
57.2%
234Paul Molitor
53.6%
234Gary Matthews
52.9%
359Johnny Mize
52.2%
268Joe Morgan
52.2%
234Kevin Mitchell
42.8%
252Bobby Murcer
38.4%
138Bill Mazeroski
38.4%
255John Mayberry
35.5%
171Melvin Mora
33.3%
Home Runs Player % Correct
241Rick Monday
31.9%
170Kevin Millar
30.4%
271Raul Mondesi
29.7%
148Mike Marshall
29.7%
211Kevin McReynolds
29%
205Joe Medwick
29%
191Hal McRae
26.1%
156Bob Meusel
26.1%
169Lloyd Moseby
23.9%
160Bill Melton
21%
144Bengie Molina
20.3%
186Minnie Minoso
18.8%
148Charlie Maxwell
17.4%
163Bill Madlock
15.9%
142Wally Moon
15.9%
139Willie Montanez
15.9%
176Don Money
15.2%
200Don Mincher
14.5%
197Dick McAuliffe
13.8%
146Candy Maldonado
10.1%
133Frank Malzone
8.7%
156Ken McMullen
7.2%
173Hideki Matsui
5.1%
136Brian McCann
5.1%
135George McQuinn
4.3%

You're not logged in!

Compare scores with friends on all Sporcle quizzes.
OR
Log In

You Might Also Like...

Show Comments

Extras

Created Feb 6, 2011SourceReportNominate
Tags:hitter, home, hrs, last, player, run

Top Quizzes Today


Score Distribution

Your Account Isn't Verified!

In order to create a playlist on Sporcle, you need to verify the email address you used during registration. Go to your Sporcle Settings to finish the process.

Report this User

Report this user for behavior that violates our Community Guidelines.

Details: